| 000 | 00825nam a22002295i 4500 | ||
|---|---|---|---|
| 001 | 176699 | ||
| 003 | ES-MaACL | ||
| 005 | 20230906220150.0 | ||
| 008 | 110202s2005 sp o |||| | spa d | ||
| 020 | _a84-95011-92-1 | ||
| 080 | _a37(460.27 Alcalá de Henares) | ||
| 100 | 1 |
_aBrihuega Moreno, Urbano. _9144994 |
|
| 245 | 1 | 3 |
_aLa instrucción pública en Alcalá de Henares _b: el período entre repúblicas, 1873-1939 / _cUrbano Brihuega Moreno. |
| 260 |
_aAlcalá de Henares : _bFundación Colegio del Rey, _cD. L. 2005. |
||
| 300 |
_a558, 7 p. : _bfot. bl. y n. ; _c21 cm. |
||
| 490 | 1 |
_aAlcalá Ensayo ; _v23 |
|
| 504 | _aBibliografía: p. 543-546. | ||
| 650 | 4 |
_aEnseñanza- _zAlcalá de Henares. _9144995 |
|
| 830 | 0 |
_aAlcalá Ensayo ; _v23 _9185763 |
|
| 852 |
_aES-MaACL _jE-14170 |
||
| 999 |
_c176699 _d176699 |
||